[Event "NED-chT 1718"]
[Site "Netherlands"]
[Date "2017.09.23"]
[Round "2.7"]
[White "Hachijan, Armen"]
[Black "Kuijf, Marinus"]
[Result "0-1"]
[WhiteElo "2288"]
[BlackElo "2373"]
[PlyCount "80"]
[EventDate "2017.09.16"]
[EventType "team-tourn"]
[EventRounds "9"]
[EventCountry "NED"]
[SourceTitle "EXT 2019"]
[Source "ChessBase"]
[SourceDate "2018.10.10"]
[SourceVersion "1"]
[SourceVersionDate "2018.10.10"]
[SourceQuality "1"]
[WhiteTeam "Apeldoorn"]
[BlackTeam "Rotterdam Pathena"]
[WhiteTeamCountry "NED"]
[BlackTeamCountry "NED"]

1. Nf3 d5 2. g3 Nf6 3. Bg2 Bf5 4. 0-0 e6 5. d3 Be7 6. Nbd2 h6 7. Qe1 0-0 8. e4 Bh7 9. Qe2 c5 10. Ne5 Nbd7 11. f4 Rc8 12. Kh1 Qc7 13. Re1 dxe4 14. Nxd7 Nxd7 15. dxe4 c4 16. Nf3 b5 17. Nd4 a6 18. e5 Bc5 19. Be3 Nb6 20. Bg1 Nd5 21. c3 Rfd8 22. Qg4 Bxd4 23. Bxd4 Nb4 24. Rg1 Nc2 25. Rad1 Nxd4 26. cxd4 Bd3 27. d5 exd5 28. e6 fxe6 29. Qxe6+ Kh8 30. Bxd5 Qd6 31. Qxd6 Rxd6 32. Bg2 b4 33. Bf1 Rcd8 34. Bg2 Be2 35. Rb1 Rd2 36. Be4 R8d4 37. Bb7 Rd7 38. Be4 Re7 39. Bc6 Bd3 40. Rgd1 Ree2 0-1

[Event "Bodensee op"]
[Site "Bregenz"]
[Date "2017.05.21"]
[Round "2"]
[White "Hofene, Dieter"]
[Black "Kuijf, Marinus"]
[Result "0-1"]
[WhiteElo "2072"]
[BlackElo "2368"]
[PlyCount "86"]
[EventDate "2017.05.20"]
[EventType "swiss"]
[EventRounds "9"]
[EventCountry "AUT"]
[SourceTitle "CBM 178 Extra"]
[Source "ChessBase"]
[SourceDate "2017.06.22"]
[SourceVersion "1"]
[SourceVersionDate "2017.06.22"]
[SourceQuality "1"]

1. e4 e6 2. d4 d5 3. Nc3 Nf6 4. e5 Nfd7 5. f4 c5 6. Nf3 Nc6 7. Be3 Be7 8. Qd2 b6 9. Bb5 Bb7 10. 0-0 0-0 11. Nd1 cxd4 12. Nxd4 Nxd4 13. Bxd4 Nc5 14. Nf2 Qc8 15. c3 Ba6 16. Bxa6 Qxa6 17. b4 Nd7 18. a4 Qc4 19. Qd3 Qxd3 20. Nxd3 a5 21. Rfb1 Rfc8 22. Kf2 h5 23. Kf3 g6 24. Ra2 Rc4 25. Ke3 Kg7 26. Nb2 Rc6 27. Nd3 Rc7 28. bxa5 bxa5 29. Rb5 Nb8 30. Rab2 Nc6 31. Bc5 Rac8 32. Bxe7 Nxe7 33. Rb7 Nf5+ 34. Kd2 Rxc3 35. Ra7 R8c7 36. Rxa5 Ra3 37. Ra8 Rc4 38. a5 Rd4 39. Rbb8 Rdxd3+ 40. Ke1 Nh6 41. a6 Ra2 42. a7 Rc3 43. Kd1 Rc7 0-1

[Event "NED-chT 1617"]
[Site "Netherlands"]
[Date "2016.11.26"]
[Round "4.7"]
[White "Dek, Lennart"]
[Black "Kuijf, Marinus"]
[Result "1/2-1/2"]
[WhiteElo "2266"]
[BlackElo "2381"]
[PlyCount "50"]
[EventDate "2016.09.17"]
[EventType "team-tourn"]
[EventRounds "9"]
[EventCountry "NED"]
[SourceTitle "EXT 2018"]
[Source "ChessBase"]
[SourceDate "2017.10.13"]
[SourceVersion "1"]
[SourceVersionDate "2017.10.13"]
[SourceQuality "1"]
[WhiteTeam "Kennemer Combinatie"]
[BlackTeam "Rotterdam Pathena"]
[WhiteTeamCountry "NED"]
[BlackTeamCountry "NED"]

1. e4 e6 2. d4 d5 3. Nc3 Nf6 4. e5 Nfd7 5. f4 c5 6. Nf3 Nc6 7. Be3 Be7 8. Qd2 b6 9. g3 0-0 10. h4 f6 11. Bh3 f5 12. 0-0-0 b5 13. dxc5 Nxc5 14. Qf2 Na4 15. Nxa4 bxa4 16. g4 a3 17. b3 fxg4 18. Bxg4 Qa5 19. Nd4 Nxe5 20. Bxe6+ Kh8 21. Qd2 Bb4 22. Qg2 Bc5 23. fxe5 Bxd4 24. Bxd4 Bxe6 25. Rhf1 Qc7 1/2-1/2

[Event "NED-chT 1516"]
[Site "Netherlands"]
[Date "2016.02.13"]
[Round "6.10"]
[White "Bohm, Hans"]
[Black "Kuijf, Marinus"]
[Result "0-1"]
[WhiteElo "2316"]
[BlackElo "2382"]
[PlyCount "92"]
[EventDate "2015.09.26"]
[EventType "team-tourn"]
[EventRounds "9"]
[EventCountry "NED"]
[SourceTitle "CBM 170 Extra"]
[Source "ChessBase"]
[SourceDate "2016.02.25"]
[SourceVersion "1"]
[SourceVersionDate "2016.02.25"]
[SourceQuality "1"]
[WhiteTeam "En Passant"]
[BlackTeam "Rotterdam Pathena"]
[WhiteTeamCountry "NED"]
[BlackTeamCountry "NED"]

1. d4 d5 2. Bg5 f6 3. Bf4 Nc6 4. Nf3 Bg4 5. Nbd2 Nxd4 6. Nxd4 e5 7. h3 Bd7 8. e3 exf4 9. Qh5+ g6 10. Qxd5 fxe3 11. fxe3 Qe7 12. Qxb7 Qxe3+ 13. Be2 Rd8 14. N4f3 Ne7 15. Qe4 Bh6 16. Qxe3 Bxe3 17. Nc4 Bh6 18. Rd1 Nf5 19. Kf2 Bf8 20. g4 Bc5+ 21. Kg2 Nd6 22. Nxd6+ Bxd6 23. Bc4 Kf8 24. Rhe1 Kg7 25. Be6 Bc6 26. Bd5 Bd7 27. Nd4 h5 28. Ne6+ Bxe6 29. Bxe6 hxg4 30. Bxg4 f5 31. Bf3 Rh4 32. Re3 g5 33. Bc6 Rdh8 34. Bd7 g4 35. Bxf5 Rxh3 36. Rxh3 Rxh3 37. Rd4 Rh2+ 38. Kf1 g3 39. Rg4+ Kh6 40. Be4 Rf2+ 41. Ke1 Kh5 42. Rg8 Kh4 43. a3 Be5 44. Rb8 Bd4 45. Rb4 c5 46. Rb7 Rxc2 0-1

[Event "NED-chT 1516"]
[Site "Netherlands"]
[Date "2015.09.26"]
[Round "1.3"]
[White "Koop, Thorben"]
[Black "Kuijf, Marinus"]
[Result "1/2-1/2"]
[WhiteElo "2407"]
[BlackElo "2382"]
[PlyCount "65"]
[EventDate "2015.09.26"]
[EventType "team-tourn"]
[EventRounds "9"]
[EventCountry "NED"]
[SourceTitle "EXT 2016"]
[Source "ChessBase"]
[SourceDate "2015.10.08"]
[SourceVersion "1"]
[SourceVersionDate "2015.10.08"]
[SourceQuality "1"]
[WhiteTeam "SISSA"]
[BlackTeam "Rotterdam Pathena"]
[WhiteTeamCountry "NED"]
[BlackTeamCountry "NED"]

1. d4 d5 2. c4 c6 3. Nf3 e6 4. Qc2 Bd6 5. g3 f5 6. Bg2 Nf6 7. 0-0 0-0 8. b3 Qe7 9. Bb2 Ne4 10. e3 b6 11. Ne5 Bb7 12. Nc3 Nd7 13. cxd5 cxd5 14. Nxd7 Qxd7 15. Rfc1 Ba6 16. a3 Rac8 17. Qd1 Nxc3 18. Bxc3 Qe7 19. Qd2 Rc7 20. Bb4 Rfc8 21. Bxd6 Qxd6 22. b4 Rxc1+ 23. Rxc1 Rxc1+ 24. Qxc1 Bc4 25. Qc3 Qc6 26. Bf1 Qb5 27. Bg2 Qa4 28. Bf3 Qb3 29. Qxb3 Bxb3 30. g4 fxg4 31. Bxg4 Kf7 32. Kg2 Kf6 33. f4 1/2-1/2

[Event "NED-chT 1415"]
[Site "Netherlands"]
[Date "2015.02.07"]
[Round "5.4"]
[White "Hausrath, Daniel"]
[Black "Kuijf, Marinus"]
[Result "1/2-1/2"]
[WhiteElo "2537"]
[BlackElo "2387"]
[PlyCount "55"]
[EventDate "2014.09.27"]
[EventType "team-tourn"]
[EventRounds "9"]
[EventCountry "NED"]
[SourceTitle "EXT 2016"]
[Source "ChessBase"]
[SourceDate "2015.10.08"]
[SourceVersion "1"]
[SourceVersionDate "2015.10.08"]
[SourceQuality "1"]
[WhiteTeam "Voerendaal"]
[BlackTeam "Rotterdam"]
[WhiteTeamCountry "NED"]
[BlackTeamCountry "NED"]

1. Nf3 d5 2. g3 Nf6 3. Bg2 e6 4. d4 Be7 5. c4 0-0 6. Qc2 c5 7. dxc5 d4 8. Ne5 Nbd7 9. Nxd7 Nxd7 10. c6 bxc6 11. Bxc6 Rb8 12. 0-0 Ne5 13. Bg2 d3 14. exd3 Qxd3 15. Qxd3 Nxd3 16. Be3 Rxb2 17. Nc3 Bb7 18. Bxb7 Rxb7 19. Rab1 Rc7 20. Rfd1 Nb4 21. c5 Nc2 22. Bf4 Rxc5 23. Rd7 Rxc3 24. Rxe7 Nd4 25. Rxa7 Ne2+ 26. Kg2 Nxf4+ 27. gxf4 h5 28. a4 1/2-1/2

[Event "NED-chT 1415"]
[Site "Netherlands"]
[Date "2014.12.13"]
[Round "4.3"]
[White "Kuijf, Marinus"]
[Black "Burg, Twan"]
[Result "1/2-1/2"]
[WhiteElo "2387"]
[BlackElo "2523"]
[PlyCount "54"]
[EventDate "2014.09.27"]
[EventType "team-tourn"]
[EventRounds "9"]
[EventCountry "NED"]
[SourceTitle "EXT 2016"]
[Source "ChessBase"]
[SourceDate "2015.10.08"]
[SourceVersion "1"]
[SourceVersionDate "2015.10.08"]
[SourceQuality "1"]
[WhiteTeam "Rotterdam"]
[BlackTeam "Calder HMC"]
[WhiteTeamCountry "NED"]
[BlackTeamCountry "NED"]

1. e4 c5 2. c3 d5 3. exd5 Qxd5 4. Nf3 Nf6 5. Na3 Nc6 6. d4 cxd4 7. Nb5 Qd7 8. Bf4 Nd5 9. Bg3 a6 10. Nbxd4 e6 11. Nxc6 bxc6 12. Ne5 Qb7 13. Qc2 f6 14. Nc4 e5 15. Bd3 g6 16. h4 Be6 17. h5 g5 18. 0-0-0 Rd8 19. Rhe1 Bc5 20. Nxe5 0-0 21. Nc4 Rfe8 22. Bf5 Qf7 23. Bxe6 Rxe6 24. Rxe6 Qxe6 25. Na5 Bb6 26. Nc4 Bc5 27. Na5 Bb6 1/2-1/2

[Event "Oberliga NRW 1314"]
[Site "Germany"]
[Date "2014.04.27"]
[Round "9.2"]
[White "Kartsev, Alexandr"]
[Black "Kuijf, Marinus"]
[Result "1-0"]
[WhiteElo "2189"]
[BlackElo "2357"]
[PlyCount "73"]
[EventDate "2013.09.15"]
[EventType "team-tourn"]
[EventRounds "9"]
[EventCountry "GER"]
[SourceTitle "EXT 2015"]
[Source "ChessBase"]
[SourceDate "2014.11.20"]
[SourceVersion "1"]
[SourceVersionDate "2014.11.20"]
[SourceQuality "1"]
[WhiteTeam "Castrop Rauxel"]
[BlackTeam "Muenster"]
[WhiteTeamCountry "GER"]
[BlackTeamCountry "GER"]

1. e4 e6 2. d4 d5 3. e5 c5 4. c3 Nc6 5. Nf3 Bd7 6. Be2 f6 7. 0-0 fxe5 8. dxe5 Qc7 9. Re1 0-0-0 10. c4 d4 11. Nbd2 Nh6 12. Bd3 Nf7 13. Qe2 g5 14. Ne4 h6 15. Nf6 Bg7 16. h4 Bxf6 17. exf6 Rdf8 18. g3 Nb4 19. Bg6 d3 20. Bxd3 Nxd3 21. Qxd3 e5 22. h5 Bg4 23. Nh2 Rd8 24. Qc2 Qd7 25. Be3 Bxh5 26. Bxc5 Rdg8 27. Bxa7 Bg6 28. Qc3 Qa4 29. Bb6 h5 30. b3 Qc6 31. Qa5 Kd7 32. Rad1+ Ke6 33. Bc7 e4 34. Nf3 Kxf6 35. Be5+ Ke7 36. Bxh8 Rxh8 37. Ne5 1-0

[Event "NED-chT 1314"]
[Site "Netherlands"]
[Date "2014.03.29"]
[Round "7.6"]
[White "Richter, Christian"]
[Black "Kuijf, Marinus"]
[Result "0-1"]
[WhiteElo "2366"]
[BlackElo "2401"]
[PlyCount "74"]
[EventDate "2013.09.21"]
[EventType "team-tourn"]
[EventRounds "9"]
[EventCountry "NED"]
[SourceTitle "EXT 2015"]
[Source "ChessBase"]
[SourceDate "2014.11.20"]
[SourceVersion "1"]
[SourceVersionDate "2014.11.20"]
[SourceQuality "1"]
[WhiteTeam "Calder HMC"]
[BlackTeam "Rotterdam"]
[WhiteTeamCountry "NED"]
[BlackTeamCountry "NED"]

1. d4 d5 2. c4 e6 3. Nf3 c6 4. Bg5 Be7 5. Bxe7 Nxe7 6. Nbd2 Qa5 7. e3 c5 8. cxd5 Nxd5 9. dxc5 0-0 10. Qc2 Bd7 11. Nd4 Rc8 12. N4b3 Qa4 13. Qc4 b5 14. Qe4 f5 15. Qb1 Qg4 16. Qd1 Qg6 17. Rc1 a5 18. Nd4 Nc6 19. N2f3 f4 20. e4 Qxe4+ 21. Be2 Ndb4 22. Nxb5 Nxa2 23. Rc4 Qd5 24. Qb3 Nc1 25. Qc3 Nxe2 26. Kxe2 Ne5 27. Rd1 Qxc4+ 28. Qxc4 Nxc4 29. Rxd7 Rab8 30. Nbd4 Rxc5 31. b3 Ne5 32. Nxe5 Rxe5+ 33. Kf3 Rd5 34. Rxd5 exd5 35. Kxf4 Rf8+ 36. Ke3 Kf7 37. Nc6 Ra8 0-1

[Event "Oberliga NRW 1314"]
[Site "Germany"]
[Date "2013.09.15"]
[Round "1.1"]
[White "Miedema, David"]
[Black "Kuijf, Marinus"]
[Result "1-0"]
[WhiteElo "2402"]
[BlackElo "2357"]
[PlyCount "69"]
[EventDate "2013.09.15"]
[EventType "team-tourn"]
[EventRounds "9"]
[EventCountry "GER"]
[SourceTitle "EXT 2015"]
[Source "ChessBase"]
[SourceDate "2014.11.20"]
[SourceVersion "1"]
[SourceVersionDate "2014.11.20"]
[SourceQuality "1"]
[WhiteTeam "Koeln Porz II"]
[BlackTeam "Muenster"]
[WhiteTeamCountry "GER"]
[BlackTeamCountry "GER"]

1. d4 d5 2. c4 e6 3. Nc3 c6 4. Nf3 dxc4 5. a4 Bb4 6. Bd2 Nf6 7. e3 c5 8. dxc5 Bxc5 9. Bxc4 0-0 10. 0-0 Nc6 11. Qc2 Nb4 12. Qb1 b6 13. e4 Ng4 14. Bf4 Qe7 15. Bg3 Bb7 16. h3 Nh6 17. Bf4 Kh8 18. b3 f5 19. Bg5 Qe8 20. Bxh6 gxh6 21. Nb5 Qe7 22. Qb2+ Rf6 23. Ne5 Bxe4 24. Kh1 a6 25. Rad1 axb5 26. Rd7 bxc4 27. Rxe7 Bxe7 28. Nd7 Nd3 29. Qc3 e5 30. Nxf6 Bxf6 31. f3 Bb7 32. Qxc4 Ba6 33. Qc6 Rf8 34. Qxb6 Bc8 35. Qd6 1-0

[Event "Haarlem BDO-B 9th"]
[Site "Haarlem"]
[Date "2013.08.22"]
[Round "6"]
[White "Afek, Yochanan"]
[Black "Kuijf, Marinus"]
[Result "0-1"]
[WhiteElo "2315"]
[BlackElo "2422"]
[PlyCount "54"]
[EventDate "2013.08.17"]
[EventType "tourn"]
[EventRounds "9"]
[EventCountry "NED"]
[EventCategory "4"]
[SourceTitle "CBM 156 Extra"]
[Source "ChessBase"]
[SourceDate "2013.10.22"]
[SourceVersion "1"]
[SourceVersionDate "2013.10.22"]
[SourceQuality "1"]

1. e4 e6 2. d4 d5 3. Nc3 Nf6 4. Bg5 Be7 5. e5 Nfd7 6. h4 h6 7. Be3 c5 8. Qg4 g6 9. dxc5 Nxe5 10. Qg3 Nbc6 11. 0-0-0 Nd7 12. Nb5 Kf8 13. Nc7 Rb8 14. Nxe6+ fxe6 15. Qxg6 Bf6 16. Bxh6+ Ke7 17. Bf4 Nxc5 18. Bxb8 Nxb8 19. Nf3 Ne4 20. Bd3 Nxf2 21. Rdf1 Nxh1 22. Ng5 Qf8 23. Nh7 Qg7 24. Qxg7+ Bxg7 25. Rxh1 Nc6 26. c3 e5 27. Bg6 e4 0-1

[Event "Haarlem BDO-B 9th"]
[Site "Haarlem"]
[Date "2013.08.20"]
[Round "4"]
[White "De Jager, Jaap"]
[Black "Kuijf, Marinus"]
[Result "1/2-1/2"]
[WhiteElo "2404"]
[BlackElo "2422"]
[PlyCount "51"]
[EventDate "2013.08.17"]
[EventType "tourn"]
[EventRounds "9"]
[EventCountry "NED"]
[EventCategory "4"]
[SourceTitle "CBM 156 Extra"]
[Source "ChessBase"]
[SourceDate "2013.10.22"]
[SourceVersion "1"]
[SourceVersionDate "2013.10.22"]
[SourceQuality "1"]

1. e4 c5 2. Nc3 e6 3. g3 d5 4. exd5 exd5 5. Bg2 Nf6 6. Nge2 d4 7. Ne4 Nxe4 8. Bxe4 Nd7 9. 0-0 Nf6 10. Bg2 Bd6 11. c3 d3 12. Nf4 Bxf4 13. Qa4+ Kf8 14. Qxf4 Be6 15. c4 Qd7 16. b3 h5 17. Bb2 Rh6 18. Qg5 Rc8 19. Bxf6 Rxf6 20. Qxh5 Rh6 21. Qf3 b6 22. Rfe1 Bg4 23. Qb7 Rc7 24. Qa8+ Rc8 25. Qb7 Rc7 26. Qa8+ 1/2-1/2

[Event "NED-chT 1213"]
[Site "Netherlands"]
[Date "2013.03.09"]
[Round "7.9"]
[White "Van Kerkhof, David"]
[Black "Kuijf, Marinus"]
[Result "1/2-1/2"]
[WhiteElo "2287"]
[BlackElo "2401"]
[PlyCount "78"]
[EventDate "2012.09.15"]
[EventType "team-tourn"]
[EventRounds "9"]
[EventCountry "NED"]
[SourceTitle "EXT 2014"]
[Source "ChessBase"]
[SourceDate "2013.11.20"]
[SourceVersion "1"]
[SourceVersionDate "2013.11.20"]
[SourceQuality "1"]
[WhiteTeam "Calder HMC"]
[BlackTeam "Rotterdam"]
[WhiteTeamCountry "NED"]
[BlackTeamCountry "NED"]

1. e4 e6 2. d4 d5 3. Nc3 Nf6 4. e5 Nfd7 5. f4 c5 6. Nf3 Nc6 7. Be3 a6 8. Qd2 cxd4 9. Nxd4 Bc5 10. 0-0-0 0-0 11. Qf2 Bxd4 12. Bxd4 b5 13. Be3 b4 14. Na4 a5 15. h4 Ba6 16. Bxa6 Rxa6 17. h5 Qc7 18. g4 Rc8 19. Rh2 Na7 20. h6 g6 21. Bxa7 Rxa7 22. Kb1 Ra6 23. Qh4 Rc6 24. Rc1 Rc4 25. Rf2 Re4 26. b3 Qd8 27. Qxd8+ Rxd8 28. g5 Rc8 29. Kb2 d4 30. Rd1 Kf8 31. a3 Ke7 32. axb4 axb4 33. Rdd2 Rc3 34. Rd3 Nc5 35. Nxc5 Rxc5 36. Rd1 Ra5 37. Rfd2 Rd5 38. Rf2 Ra5 39. Rfd2 Rd5 1/2-1/2

[Event "NED-chT 1213"]
[Site "Netherlands"]
[Date "2012.12.15"]
[Round "5.7"]
[White "Kuipers, Stefan"]
[Black "Kuijf, Marinus"]
[Result "0-1"]
[WhiteElo "2434"]
[BlackElo "2401"]
[PlyCount "65"]
[EventDate "2012.09.15"]
[EventType "team-tourn"]
[EventRounds "9"]
[EventCountry "NED"]
[SourceTitle "EXT 2014"]
[Source "ChessBase"]
[SourceDate "2013.11.20"]
[SourceVersion "1"]
[SourceVersionDate "2013.11.20"]
[SourceQuality "1"]
[WhiteTeam "Apeldoorn"]
[BlackTeam "Rotterdam"]
[WhiteTeamCountry "NED"]
[BlackTeamCountry "NED"]

1. e4 e6 2. d4 d5 3. Nc3 Nf6 4. e5 Nfd7 5. f4 c5 6. Nf3 Nc6 7. Be3 a6 8. Qd2 cxd4 9. Nxd4 Bc5 10. 0-0-0 0-0 11. h4 Nxd4 12. Bxd4 b5 13. Kb1 b4 14. Na4 Bxd4 15. Qxd4 a5 16. Rh3 Ba6 17. Bxa6 Rxa6 18. c4 bxc3 19. Rxc3 Qxh4 20. Rc7 Rd8 21. Nc3 Raa8 22. Nb5 Rac8 23. Qc3 Ra8 24. g3 Qg4 25. Rc1 Nb6 26. Nd6 Rf8 27. b3 d4 28. Qxd4 Nd5 29. R7c4 Qxg3 30. f5 Qe3 31. Qb2 exf5 32. Rd1 Qf3 33. Rcd4 0-1

[Event "NRW Class2 1213"]
[Site "Germany"]
[Date "2012.11.18"]
[Round "3.2"]
[White "Kuijf, Marinus"]
[Black "Langers, Alexander"]
[Result "1-0"]
[WhiteElo "2346"]
[BlackElo "2156"]
[PlyCount "59"]
[EventDate "2012.09.16"]
[EventType "team-tourn"]
[EventRounds "9"]
[EventCountry "GER"]
[SourceTitle "EXT 2017"]
[Source "ChessBase"]
[SourceDate "2016.10.25"]
[SourceVersion "1"]
[SourceVersionDate "2016.10.25"]
[SourceQuality "1"]
[WhiteTeam "Muenster"]
[BlackTeam "Herne Sodingen"]
[WhiteTeamCountry "GER"]
[BlackTeamCountry "GER"]

1. e4 c5 2. c3 d5 3. exd5 Qxd5 4. d4 Nf6 5. Nf3 Bg4 6. Nbd2 e6 7. Bc4 Qd6 8. Qb3 Qc7 9. Ne5 Bh5 10. Bb5+ Kd8 11. Ndf3 a6 12. Be2 Nc6 13. Nxc6+ Qxc6 14. Bg5 Kc7 15. 0-0 Bd6 16. dxc5 Bxc5 17. Bf4+ Bd6 18. Bxd6+ Qxd6 19. Rfd1 Qb6 20. Qc4+ Kb8 21. Ne5 Bxe2 22. Qxe2 Rf8 23. a4 Ka7 24. a5 Qc5 25. Nd3 Qg5 26. f4 Qb5 27. Qe3+ b6 28. c4 Qc6 29. Nb4 Qc5 30. axb6+ 1-0

[Event "NED-chT 1213"]
[Site "Netherlands"]
[Date "2012.11.03"]
[Round "3.9"]
[White "Kodentsov, Grigori"]
[Black "Kuijf, Marinus"]
[Result "0-1"]
[WhiteElo "2281"]
[BlackElo "2401"]
[PlyCount "72"]
[EventDate "2012.09.15"]
[EventType "team-tourn"]
[EventRounds "9"]
[EventCountry "NED"]
[SourceTitle "EXT 2013"]
[Source "ChessBase"]
[SourceDate "2012.11.22"]
[SourceVersion "1"]
[SourceVersionDate "2012.11.22"]
[SourceQuality "1"]
[WhiteTeam "Groningen"]
[BlackTeam "Rotterdam"]
[WhiteTeamCountry "NED"]
[BlackTeamCountry "NED"]

1. d4 d5 2. c4 e6 3. Nf3 c6 4. Nc3 dxc4 5. e3 b5 6. a4 Bb4 7. Bd2 a5 8. Rb1 Ba6 9. Ne5 Nf6 10. Nxc6 Nxc6 11. axb5 Nxd4 12. bxa6 Nb3 13. Bxc4 Qxd2+ 14. Qxd2 Nxd2 15. Kxd2 Ne4+ 16. Kc2 Nxf2 17. Rhf1 Ng4 18. Bb5+ Ke7 19. Kb3 Nxe3 20. Rfe1 Bc5 21. Ka4 Bb6 22. Bc6 Ra7 23. Bb7 Rb8 24. Kb5 Raxb7 25. axb7 Rxb7 26. Ka6 Rb8 27. Re2 Kd7 28. Na4 Bd4 29. Rc1 Nd5 30. Nc5+ Bxc5 31. Rxc5 a4 32. Ka7 Rb4 33. Ra5 Ne7 34. Rd2+ Kc7 35. Ka6 Rb6+ 36. Ka7 Nc6+ 0-1

[Event "Liechtenstein op 30th"]
[Site "Triesen"]
[Date "2012.05.18"]
[Round "8"]
[White "Ovsejevitsch, Sergei"]
[Black "Kuijf, Marinus"]
[Result "1-0"]
[WhiteElo "2572"]
[BlackElo "2419"]
[PlyCount "33"]
[EventDate "2012.05.11"]
[EventType "swiss"]
[EventRounds "9"]
[EventCountry "LIE"]
[SourceTitle "CBM 148 Extra"]
[Source "ChessBase"]
[SourceDate "2012.06.22"]
[SourceVersion "1"]
[SourceVersionDate "2012.06.22"]
[SourceQuality "1"]

1. d4 d5 2. c4 c6 3. Nf3 e6 4. e3 Bb4+ 5. Nc3 Nf6 6. Bd3 Nbd7 7. 0-0 0-0 8. Qc2 Bd6 9. c5 Bb8 10. e4 e5 11. exd5 exd4 12. Ne2 Nxd5 13. Bxh7+ Kh8 14. Bg5 Qa5 15. Be4 Nb4 16. Qd2 Nxc5 17. Bf6 1-0

[Event "Liechtenstein op 30th"]
[Site "Triesen"]
[Date "2012.05.17"]
[Round "7"]
[White "Kuijf, Marinus"]
[Black "Neuberger, Guido"]
[Result "1-0"]
[WhiteElo "2419"]
[BlackElo "2124"]
[PlyCount "99"]
[EventDate "2012.05.11"]
[EventType "swiss"]
[EventRounds "9"]
[EventCountry "LIE"]
[SourceTitle "CBM 148 Extra"]
[Source "ChessBase"]
[SourceDate "2012.06.22"]
[SourceVersion "1"]
[SourceVersionDate "2012.06.22"]
[SourceQuality "1"]

1. e4 e5 2. Bc4 d6 3. d3 Be6 4. Nd2 g6 5. Bxe6 fxe6 6. h4 Nc6 7. c3 Qf6 8. Ndf3 h6 9. Be3 d5 10. Qa4 Rh7 11. Ne2 Rd7 12. a3 Qg7 13. b4 Bd6 14. c4 d4 15. Bd2 Nd8 16. Nc1 c6 17. Nb3 Rb8 18. Na5 b5 19. Qc2 Rf7 20. Qc1 Qf8 21. Rh3 Rh7 22. Ra2 Nf6 23. Rc2 Nh5 24. Kf1 Qg7 25. cxb5 cxb5 26. Nc6 Nxc6 27. Rxc6 Qd7 28. Kg1 Kf8 29. Bxh6+ Kg8 30. Bd2 Rf7 31. Ng5 Rf4 32. Rf3 Rxf3 33. Nxf3 a5 34. bxa5 Bxa3 35. Nxe5 Bxc1 36. Nxd7 Rd8 37. Bxc1 Rxd7 38. a6 Kf7 39. Rb6 Nf6 40. Rxb5 e5 41. Rb7 Rxb7 42. axb7 Nd7 43. Ba3 Ke6 44. Kh2 Nb8 45. Bc5 Kd7 46. Ba7 Kc7 47. Bxb8+ Kxb8 48. g4 Kxb7 49. h5 gxh5 50. gxh5 1-0

[Event "Liechtenstein op 30th"]
[Site "Triesen"]
[Date "2012.05.13"]
[Round "3"]
[White "Kuijf, Marinus"]
[Black "Frick, Renato"]
[Result "0-1"]
[WhiteElo "2419"]
[BlackElo "2088"]
[PlyCount "76"]
[EventDate "2012.05.11"]
[EventType "swiss"]
[EventRounds "9"]
[EventCountry "LIE"]
[SourceTitle "CBM 148 Extra"]
[Source "ChessBase"]
[SourceDate "2012.06.22"]
[SourceVersion "1"]
[SourceVersionDate "2012.06.22"]
[SourceQuality "1"]

1. e4 d6 2. d4 Nf6 3. Nc3 e5 4. dxe5 dxe5 5. Qxd8+ Kxd8 6. Bc4 Bb4 7. f3 Ke7 8. a3 Bxc3+ 9. bxc3 Be6 10. Bd3 Nbd7 11. Be3 Ne8 12. Ne2 Nd6 13. Ng3 g6 14. h4 f5 15. Bf2 f4 16. Nf1 h6 17. g3 g5 18. Nd2 c5 19. Be2 b6 20. 0-0-0 Rag8 21. g4 Rd8 22. Rdg1 Kf7 23. Rg2 Kg7 24. Rgh2 Bf7 25. Kb2 Nb8 26. hxg5 hxg5 27. Rxh8 Rxh8 28. Rxh8 Kxh8 29. Kc1 Nc6 30. Kb2 Na5 31. Nb1 Kg7 32. Bd3 Kf6 33. Be1 Ke7 34. Nd2 Nac4+ 35. Nxc4 Nxc4+ 36. Kb3 Nd2+ 37. Ka4 Nxf3 38. Bf2 Be8+ 0-1

[Event "Liechtenstein op 30th"]
[Site "Triesen"]
[Date "2012.05.11"]
[Round "1"]
[White "Kuijf, Marinus"]
[Black "Wickli, Jean Pierre"]
[Result "1-0"]
[WhiteElo "2419"]
[BlackElo "1928"]
[PlyCount "34"]
[EventDate "2012.05.11"]
[EventType "swiss"]
[EventRounds "9"]
[EventCountry "LIE"]
[SourceTitle "CBM 148 Extra"]
[Source "ChessBase"]
[SourceDate "2012.06.22"]
[SourceVersion "1"]
[SourceVersionDate "2012.06.22"]
[SourceQuality "1"]

1. e4 d5 2. Nc3 d4 3. Nce2 e5 4. Ng3 Nf6 5. Bc4 Nc6 6. a3 Bd7 7. d3 Be7 8. f4 exf4 9. Bxf4 Bg4 10. Nf3 0-0 11. Qd2 a5 12. 0-0 Qd7 13. h3 Be6 14. Bb3 Ne8 15. Bxe6 fxe6 16. e5 Bc5 17. Ne4 Bb6 1-0

[Event "Oberliga NRW 1112"]
[Site "Germany"]
[Date "2012.04.29"]
[Round "9.2"]
[White "Souleidis, Georgios"]
[Black "Kuijf, Marinus"]
[Result "1-0"]
[WhiteElo "2369"]
[BlackElo "2373"]
[PlyCount "49"]
[EventDate "2011.09.18"]
[EventType "team-tourn"]
[EventRounds "9"]
[EventCountry "GER"]
[SourceTitle "EXT 2015"]
[Source "ChessBase"]
[SourceDate "2014.11.20"]
[SourceVersion "1"]
[SourceVersionDate "2014.11.20"]
[SourceQuality "1"]
[WhiteTeam "Wattenscheid II"]
[BlackTeam "Muenster SK"]
[WhiteTeamCountry "GER"]
[BlackTeamCountry "GER"]

1. e4 e6 2. d4 d5 3. Nc3 Nf6 4. e5 Nfd7 5. f4 c5 6. Nf3 Nc6 7. Be3 a6 8. Qd2 cxd4 9. Nxd4 Bc5 10. g3 0-0 11. Bg2 Qc7 12. 0-0 Na5 13. b3 Bb4 14. Nde2 f6 15. a3 Bxc3 16. Nxc3 fxe5 17. fxe5 Nc6 18. Rae1 Rxf1+ 19. Rxf1 Qxe5 20. Nxd5 exd5 21. Bxd5+ Kh8 22. Rf7 Nd8 23. Bd4 Nxf7 24. Bxe5 Ndxe5 25. Qf4 1-0

[Event "NED-chT 1112"]
[Site "Netherlands"]
[Date "2012.03.31"]
[Round "8.7"]
[White "Heemskerk, Wim"]
[Black "Kuijf, Marinus"]
[Result "1/2-1/2"]
[WhiteElo "2280"]
[BlackElo "2423"]
[PlyCount "37"]
[EventDate "2011.09.17"]
[EventType "team-tourn"]
[EventRounds "9"]
[EventCountry "NED"]
[SourceTitle "EXT 2013"]
[Source "ChessBase"]
[SourceDate "2012.11.22"]
[SourceVersion "1"]
[SourceVersionDate "2012.11.22"]
[SourceQuality "1"]
[WhiteTeam "Leiden LSG"]
[BlackTeam "Rotterdam"]
[WhiteTeamCountry "NED"]
[BlackTeamCountry "NED"]

1. c4 e6 2. Nf3 d5 3. d4 c6 4. e3 Nf6 5. Nc3 Nbd7 6. Bd3 dxc4 7. Bxc4 b5 8. Bd3 Bb7 9. 0-0 a6 10. e4 c5 11. d5 c4 12. Bc2 Qc7 13. Qe2 Bd6 14. Bg5 0-0 15. Bxf6 gxf6 16. e5 Nxe5 17. Nxe5 Bxe5 18. Bxh7+ Kxh7 19. Qh5+ 1/2-1/2